00674cam a2200217 a 4500001001000000003000900010005001700019008003600036010001300072020001500085040002500100082003000125100003300155245005800188260004600246300001800292490003000310500007400340650002000414650002200434000005103DO-SdBNP20241111084620.0991125s1998 dr r 000 0 spa  a00436085 a9803451901 aDO-SdBPMbspacBPMSU 4aCu861.44bG643p 19982 221 aGonzález, Daniuska,d1967-10aPalabra de la muerte /cDaniuska Gonzalez González. aSanto Domingo : bEditorial Gente, c1998 a66 p.c22 cm.0 aEstapacios culturales,v4 aIncluye datos biográficos de la autora en la solapa de la cubierta. 4aPoesía cubana 4aLiteratura cubana